Hoe start en run ik een bedrijf?

Detalles Bibliográficos
Autor principal: Boel, Ruth
Formato: eBook
Lenguaje:neerlandés
Publicado: [Bľgica] : Edipro, 2007.
Materias:
Acceso en línea:Acceso restringido

MARC

LEADER 00000nam a22000007a 4500
005 20110919110541.0
008 110919s2007 be ||||s|||| 00| 0 dut d
020 |a 978-90-76924-32-8 
035 |a 4817 
040 |a vLex 
090 |c 2494  |d 2494 
100 1 |a Boel, Ruth 
245 1 0 |a Hoe start en run ik een bedrijf?  |h [Recurso electrn̤ico] /  |c Ruth Boel 
256 |a Servicio en ln̕ea. 
260 |a [Bľgica] :  |b Edipro,  |c 2007. 
300 |a 1 recurso electrn̤ico 
506 1 |a Contenido solo disponible en los productos indicados  |d vLex Global  |d vLex Global (Academic Edition, excluding Law Schools)  |d vLex Global (U.S. Academic Edition, Law Schools)  |d vLex Global (U.S. Academic Edition, excluding Law Schools)  |d vLex Global (Academic Edition, Law Schools) 
650 0 4 |a Empresas   |x Direccin̤ y administracin̤  |z Bľgica 
740 0 |a vLex Libros (Servicio en ln̕ea) 
856 4 0 |u http://vlex.com/source/hoe-start-en-run-ik-een-bedrijf-4817  |z Acceso restringido 
942 |c BOOK